Festival or Tradition by Picture - Statistics

General Stats
  • This quiz has been taken 13 times
  • The average score is 6 of 16
Answer Stats
Picture Answer % Correct
Christmas
92%
Easter
83%
{Chinese} New Year
67%
Hajj
67%
Day of the Dead
58%
Halloween
58%
Earth Day
42%
Diwali
33%
Hanukkah
33%
Ramadan
25%
Holi
8%
La Tomatina
8%
Passover
8%
Vesak
8%
Yule
8%
Beltane
0%
No matching quizzes found
Score Distribution
Percent of People with Each Score
Percentile by Number Answered
Your Score History
You have not taken this quiz